La Via Layetana substituint als carrers de la Barcelona mitgeval (Record no. 40942)

MARC details
000 -LEADER
campo de control de longitud fija 00689nam a2200181 i 4500
001 - NÚMERO DE CONTROL
campo de control 40942
003 - IDENTIFICADOR DE NÚMERO DE CONTROL
campo de control ES-MaACL
005 - FECHA Y HORA DE LA ÚLTIMA TRANSACCIÓN
campo de control 20251011063101.0
007 - CAMPO FIJO DE DESCRIPCIÓN FÍSICA--INFORMACIÓN GENERAL
campo de control de longitud fija t|
008 - DATOS DE LONGITUD FIJA--INFORMACIÓN GENERAL
campo de control de longitud fija 030307s1913 sp ||||1| cat d
100 1# - ENTRADA PRINCIPAL--NOMBRE DE PERSONA
Nombre de persona Carreras i Candi, Francesc,
Fechas asociadas al nombre 1862-1937
9 (RLIN) 35674
245 13 - MENCIÓN DEL TÍTULO
Título La Via Layetana substituint als carrers de la Barcelona mitgeval
Resto del título : catalech de la colecció gráfica de la dita via /
Mención de responsabilidad, etc. per Francesch Carreras Candi ; estudi dels egrafiats de Barcelona per Ramón Nonat Comas.
260 ## - PUBLICACIÓN, DISTRIBUCIÓN, ETC.
Lugar de publicación, distribución, etc. Barcelona :
Nombre del editor, distribuidor, etc. Albert Martín,
Fecha de publicación, distribución, etc. 1913.
300 ## - DESCRIPCIÓN FÍSICA
Extensión 270 p. ;
Dimensiones 28 cm.
700 1# - ENTRADA AGREGADA--NOMBRE PERSONAL
Nombre de persona Nonat Comas, Ramón.
9 (RLIN) 85937
852 ## - LOCALIZACIÓN
Ubicación ES-MaACL
Número de control de estantería T-1478-F-1
Holdings
Estatus retirado Estado de pérdida Estado de daño No para préstamo Colección Biblioteca de origen Biblioteca actual Ubicación en estantería Fecha de adquisición Fuente de adquisición Total de préstamos Signatura topográfica completa Código de barras Visto por última vez Precio de reemplazo Tipo de ítem Koha
        Colección de folletos Biblioteca del Ateneo de Madrid Biblioteca del Ateneo de Madrid Depósito folletos 17/01/2008     T-1478-F-1 1043101 23/02/2023 23/02/2023 Folleto